[Event "zonal 3.5 (w)"]
[Site "Zhongshan CHN"]
[Date "2013.10.31"]
[Round "3.16"]
[White "Bai Xue"]
[Black "Xu Fei"]
[Result "1/2-1/2"]
[WhiteElo "1581"]
[BlackElo "1995"]
[EventDate "2013.10.29"]
[PlyCount "149"]

1.e4 c5 2.Nf3 d6 3.d4 cxd4 4.Nxd4 Nf6 5.Nc3 a6 6.Be2 e5 7.Nb3 Be7 8.O-O 
O-O 9.f4 b5 10.a3 Qc7 11.f5 Bb7 12.Bf3 Nbd7 13.Qe1 Nc5 14.Nxc5 dxc5 15.Bg5
b4 16.Nd1 a5 17.Nf2 Ba6 18.Be2 Rfd8 19.Bxa6 Rxa6 20.Qe2 Rad6 21.Nd3 Rd4 
22.Nf2 Qb7 23.axb4 axb4 24.Rfd1 h6 25.Bxf6 Bxf6 26.Rxd4 Rxd4 27.Rd1 Qd7 
28.c3 Rxd1+ 29.Qxd1 Qb5 30.Qb3 Qa5 31.cxb4 Qxb4 32.Qc3 Qb5 33.Nd3 c4 34.
Ne1 Be7 35.Nc2 Bc5+ 36.Kf1 Bd4 37.Na3 Bxc3 38.Nxb5 Bxb2 39.Ke2 Kf8 40.Nd6 
c3 41.Kd3 Ke7 42.Nb5 Kf6 43.h4 g6 44.g4 Kg7 45.Nxc3 f6 46.Nb5 Bc1 47.h5 
gxh5 48.gxh5 Kf7 49.Kc4 Ke7 50.Kd5 Kd7 51.Nd6 Ke7 52.Kc6 Be3 53.Kc7 Bc5 
54.Nc8+ Ke8 55.Nd6+ Ke7 56.Nb5 Bb4 57.Na7 Bc5 58.Nc6+ Ke8 59.Nb8 Ke7 60.
Nd7 Bd6+ 61.Kc6 Ba3 62.Nc5 Bb4 63.Kd5 Ba3 64.Nd3 Kd7 65.Nf2 Bc1 66.Ng4 Bg5
67.Nf2 Bh4 68.Nd3 Bg5 69.Nc5+ Ke7 70.Ne6 Bh4 71.Kc6 Be1 72.Kd5 Bd2 73.Kc6 
Be1 74.Kd5 Bd2 75.Kc6 1/2-1/2

[Event "zonal 3.5 (w)"]
[Site "Zhongshan CHN"]
[Date "2013.10.31"]
[Round "3.17"]
[White "Zhu Jiner"]
[Black "Li Xinyu"]
[Result "1-0"]
[WhiteElo "1829"]
[BlackElo "1699"]
[EventDate "2013.10.29"]
[PlyCount "105"]

1.e4 c5 2.Nf3 Nc6 3.d4 cxd4 4.Nxd4 Nf6 5.Nc3 d6 6.Bg5 e6 7.Qd2 a6 8.O-O-O 
Bd7 9.f4 b5 10.a3 Qc7 11.Kb1 Rb8 12.e5 dxe5 13.fxe5 Ng8 14.Nxc6 Bxc6 15.
Bd3 b4 16.axb4 Bxb4 17.Bxa6 h6 18.Nb5 Qa5 19.Nd6+ Kf8 20.Rhf1 f5 21.Qd3 
hxg5 22.Nxf5 Bd5 23.Ne3+ Nf6 24.Nxd5 exd5 25.Qxd5 Qxa6 26.exf6 gxf6 27.Qe5
Kg7 28.Rd7+ Kg6 29.Qf5+ Kh6 30.h4 g4 31.h5 Rbg8 32.Rf7 Bc3 33.Qf4+ Rg5 34.
bxc3 Rb8+ 35.Kc1 Qa3+ 36.Kd2 Rd8+ 37.Ke2 Qa6+ 38.Kf2 g3+ 39.Kg1 Qb6+ 40.
Kh1 Rd6 41.c4 Qc6 42.Re1 Kxh5 43.Rh7+ Kg6 44.Qh4 Rd2 45.Qh6+ Kf5 46.Qh3+ 
Kg6 47.Rh6+ Kf7 48.Ra1 Qb6 49.Rh8 Rg7 50.Qh5+ Ke6 51.Re1+ Kd7 52.Qf5+ Kc7 
53.Qc8+ 1-0

[Event "zonal 3.5 (w)"]
[Site "Zhongshan CHN"]
[Date "2013.11.01"]
[Round "4.1"]
[White "Zhai Mo"]
[Black "Lei Tingjie"]
[Result "0-1"]
[WhiteElo "2301"]
[BlackElo "2320"]
[EventDate "2013.10.29"]
[PlyCount "98"]

1.e4 e6 2.d4 d5 3.Nd2 dxe4 4.Nxe4 Bd7 5.Nf3 Bc6 6.Bd3 Nd7 7.O-O Ngf6 8.Qe2
Nxe4 9.Bxe4 Bxe4 10.Qxe4 c6 11.Qg4 Nf6 12.Qg3 Nh5 13.Qg4 Nf6 14.Qg3 Nh5 
15.Qg4 g6 16.Ne5 Bg7 17.b3 O-O 18.Ba3 Re8 19.Rad1 Qc7 20.Qf3 Rad8 21.g4 
Nf6 22.h4 h5 23.g5 Ng4 24.Nxg4 hxg4 25.Qxg4 Qa5 26.Bc1 Qxa2 27.Qe4 Qa5 28.
Be3 Qb4 29.Ra1 a6 30.Ra4 Qb5 31.Qg4 Qf5 32.Qe2 Qh3 33.Re1 e5 34.dxe5 Bxe5 
35.Qg4 Qh2+ 36.Kf1 Bc3 37.Rb1 b5 38.Rxa6 Rxe3 39.fxe3 Qxc2 40.Rba1 Bxa1 
41.Rxa1 Qxb3 42.Qf4 Qb2 43.Re1 Rd2 44.Kg1 Rg2+ 45.Kh1 Qf2 46.Qxf2 Rxf2 47.
Rc1 b4 48.Kg1 Rd2 49.Kf1 b3 0-1

[Event "zonal 3.5 (w)"]
[Site "Zhongshan CHN"]
[Date "2013.11.01"]
[Round "4.4"]
[White "Wang Xinyue"]
[Black "Wang Jue"]
[Result "0-1"]
[WhiteElo "2126"]
[BlackElo "2382"]
[EventDate "2013.10.29"]
[PlyCount "104"]

1.d4 Nf6 2.c4 e6 3.Nc3 c5 4.d5 exd5 5.cxd5 d6 6.Nf3 g6 7.Bf4 Bg7 8.h3 O-O 
9.e3 Na6 10.Bxa6 bxa6 11.Nd2 Rb8 12.Nc4 Ne8 13.O-O Rb4 14.Qe2 a5 15.a3 Rb8
16.Rfb1 Ba6 17.a4 Nc7 18.Qd3 Rb4 19.b3 Bxc3 20.Qxc3 Nxd5 21.Qc2 Nxf4 22.
exf4 Bxc4 23.bxc4 Qf6 24.f5 Re8 25.Ra3 Re5 26.fxg6 hxg6 27.Rd1 Qe6 28.Qd2 
Rxc4 29.Qxd6 Re1+ 30.Kh2 Rxd1 31.Qxd1 Qe5+ 32.Rg3 Rd4 33.Qb3 Kg7 34.Qb5 
Qc7 35.Qb2 Kh7 36.Qc2 Qc6 37.Rf3 Qd6+ 38.g3 Qd5 39.Qb3 c4 40.Qc3 Rd3 41.
Rxd3 cxd3 42.Qd2 Qd4 43.Kg2 Qxa4 44.Qxd3 Qc6+ 45.Kh2 Qc5 46.Qf3 Kg7 47.Qf4
a4 48.h4 a3 49.h5 Qxh5+ 50.Kg2 Qd5+ 51.Kh2 a2 52.Qc1 Qd4 0-1

[Event "zonal 3.5 (w)"]
[Site "Zhongshan CHN"]
[Date "2013.11.01"]
[Round "4.5"]
[White "Cai Jiaying"]
[Black "Xiao Yiyi"]
[Result "1-0"]
[WhiteElo "2082"]
[BlackElo "2187"]
[EventDate "2013.10.29"]
[PlyCount "119"]

1.e4 c5 2.Nf3 e6 3.d4 cxd4 4.Nxd4 Nc6 5.Nb5 d6 6.c4 Nf6 7.N1c3 a6 8.Na3 
Be7 9.Be2 O-O 10.O-O b6 11.Be3 Bb7 12.Rc1 Ne5 13.f3 Qc7 14.Qb3 Ned7 15.
Rfd1 Rac8 16.g4 h6 17.Qc2 Rfe8 18.Qd2 Qb8 19.Nc2 Qa8 20.Nd4 d5 21.exd5 
exd5 22.Nf5 dxc4 23.Bxh6 Bxf3 24.Nxe7+ Rxe7 25.Qg5 g6 26.Rxd7 Re6 27.Bxf3 
Qxf3 28.Rf1 Qxg4+ 29.Qxg4 Nxg4 30.Bg5 f6 31.Bh4 g5 32.Bg3 Ne3 33.Rf3 Rce8 
34.Nd5 Nxd5 35.Rxd5 Kg7 36.h4 gxh4 37.Bxh4 b5 38.Bf2 Rc6 39.Bd4 b4 40.Kf2 
Ree6 41.Bc5 a5 42.a3 c3 43.bxc3 b3 44.Rg3+ Kf7 45.Rd7+ Ke8 46.Rb7 Kd8 47.
Rg8+ Re8 48.Rxe8+ Kxe8 49.Bd4 a4 50.Ke3 f5 51.Rb4 Re6+ 52.Kd2 Ra6 53.Rb5 
f4 54.Rf5 Rh6 55.Rxf4 Rh2+ 56.Rf2 Rh1 57.c4 Kd7 58.Kc3 Kc6 59.Kb4 Rc1 60.
Bb2 1-0

[Event "zonal 3.5 (w)"]
[Site "Zhongshan CHN"]
[Date "2013.11.01"]
[Round "4.7"]
[White "Hong Xing"]
[Black "Liu Manli"]
[Result "1-0"]
[WhiteElo "1929"]
[BlackElo "2133"]
[EventDate "2013.10.29"]
[PlyCount "171"]

1.e4 e6 2.d4 d5 3.exd5 exd5 4.Nf3 Bd6 5.c4 c6 6.Nc3 Ne7 7.Bd3 dxc4 8.Bxc4 
O-O 9.O-O Bf5 10.Bg5 h6 11.Bh4 Qc7 12.d5 Ng6 13.Bg3 Bxg3 14.fxg3 cxd5 15.
Bxd5 Nc6 16.Kh1 Rad8 17.Qb3 Na5 18.Qb4 Ne7 19.Rad1 Nac6 20.Qc5 Qc8 21.Nd4 
Bg4 22.Rde1 b6 23.Nxc6 Nxd5 24.Qxd5 Rxd5 25.Ne7+ Kh7 26.Nxc8 Rd2 27.Nxa7 
Rxb2 28.h3 Bh5 29.Rb1 Rc2 30.Rfc1 Rd2 31.Rxb6 Rfd8 32.Nab5 R8d3 33.g4 Bg6 
34.Re1 Rc2 35.Re2 Rdxc3 36.Nxc3 Rxc3 37.Rb7 h5 38.g5 Rc4 39.Reb2 Bf5 40.
R7b4 Rc1+ 41.Kh2 Kg6 42.h4 Ra1 43.Rd2 Be6 44.a4 Ra3 45.Rd6 Kh7 46.Ra6 Ra2 
47.Rd4 Kg6 48.Kg3 Kf5 49.Ra5+ Kg6 50.Rd6 Kh7 51.Ra7 Kg6 52.Kf3 Kf5 53.Ra5+
Kg6 54.g3 Kh7 55.Rd3 Bc4 56.Rc3 Be2+ 57.Ke3 Bd1 58.Rc7 Kg6 59.Ra6+ f6 60.
Raa7 fxg5 61.Rxg7+ Kf6 62.hxg5+ Kf5 63.a5 Kg4 64.g6 Kxg3 65.Rh7 h4 66.g7 
Bb3 67.Ra8 h3 68.g8=Q+ Bxg8 69.Rxg8+ Kh2 70.Rgh8 Ra3+ 71.Kd4 Rxa5 72.Rxh3+
Kg2 73.Rb3 Ra4+ 74.Kc3 Rf4 75.Rb2+ Kf3 76.Rhh2 Ra4 77.Ra2 Re4 78.Raf2+ Kg3
79.Rhg2+ Kh3 80.Rg8 Re5 81.Rf7 Rh5 82.Kd3 Kh2 83.Ke3 Rh3+ 84.Kf2 Kh1 85.
Kf1 Kh2 86.Rf2+ 1-0

[Event "zonal 3.5 (w)"]
[Site "Zhongshan CHN"]
[Date "2013.11.01"]
[Round "4.9"]
[White "Hu Yu A"]
[Black "Su Yamin"]
[Result "0-1"]
[WhiteElo "1861"]
[BlackElo "2209"]
[EventDate "2013.10.29"]
[PlyCount "102"]

1.e4 c5 2.Nf3 Nc6 3.d4 cxd4 4.Nxd4 Nf6 5.Nc3 d6 6.f3 e6 7.Be3 a6 8.Qd2 Qc7
9.g4 Be7 10.g5 Nd7 11.O-O-O b5 12.Nxc6 Qxc6 13.Ne2 Bb7 14.Nd4 Qc7 15.h4 
Ne5 16.h5 O-O-O 17.Kb1 Kb8 18.Qg2 Rc8 19.f4 Nc4 20.Bxc4 Qxc4 21.Rd3 b4 22.
b3 Qc7 23.Rhd1 g6 24.R3d2 gxh5 25.Rh1 Bf8 26.Rxh5 Bg7 27.Rh3 Qc3 28.Bg1 
Qc7 29.f5 Be5 30.fxe6 fxe6 31.Nxe6 Qd7 32.Rh6 Rhe8 33.Nc5 Qc7 34.Na4 Bh8 
35.Rdxd6 Rxe4 36.Qxe4 Bxe4 37.Rb6+ Bb7 38.Nc5 Re8 39.c4 Re1+ 40.Kc2 Rc1+ 
41.Kxc1 Qf4+ 42.Kc2 Qf5+ 43.Nd3 Bc3 44.Be3 Qe4 45.Bf4+ Kc8 46.Rh2 Qf5 47.
Rd6 Be4 48.Be3 Be5 49.Rf2 Qh3 50.Rf8+ Kc7 51.Rxa6 Qxe3 0-1

[Event "zonal 3.5 (w)"]
[Site "Zhongshan CHN"]
[Date "2013.11.01"]
[Round "4.10"]
[White "Ren Xiaoyi"]
[Black "Li Yunshan"]
[Result "1-0"]
[WhiteElo "2198"]
[BlackElo "1767"]
[EventDate "2013.10.29"]
[PlyCount "123"]

1.d4 d5 2.c4 c6 3.cxd5 cxd5 4.Nc3 Nf6 5.Nf3 Nc6 6.Bf4 Bf5 7.e3 e6 8.Qb3 
Bb4 9.Bb5 Qa5 10.O-O O-O 11.Rac1 Rfc8 12.a3 Bxc3 13.Bxc6 bxc6 14.Rxc3 Ne4 
15.Rcc1 c5 16.Qb7 Qb6 17.Qd7 c4 18.h3 Nf6 19.Qe7 a5 20.a4 Ra7 21.Qd6 Qxb2 
22.Bg5 Ne4 23.Qf4 f6 24.Rb1 Qa3 25.Rb8 Qf8 26.Rfb1 Ra8 27.Rxa8 Rxa8 28.Bh6
gxh6 29.Nh4 Nd6 30.Rb6 Rd8 31.Nxf5 Nxf5 32.Rxe6 Ng7 33.Rxf6 Qe7 34.Rc6 Qb7
35.Rc7 Qb1+ 36.Kh2 Qg6 37.Qe5 Ne8 38.Re7 Ng7 39.Kg1 Qg5 40.Qc7 Re8 41.Rd7 
Rf8 42.Qb7 Rf5 43.h4 Qxh4 44.Rxg7+ Kf8 45.Rg3 Qf6 46.Qc8+ Ke7 47.Rg8 Rxf2 
48.Qd8+ Ke6 49.Re8+ Kf7 50.Rf8+ Ke6 51.Rxf6+ Rxf6 52.Qxa5 Rf8 53.Qb6+ Kf5 
54.Qc5 Rd8 55.Qe7 Ra8 56.Qxh7+ Ke6 57.Qxh6+ Kd7 58.Qg7+ Kc6 59.Qf6+ Kd7 
60.Qe5 Ra5 61.e4 c3 62.exd5 1-0

[Event "zonal 3.5 (w)"]
[Site "Zhongshan CHN"]
[Date "2013.11.01"]
[Round "4.11"]
[White "Qiu Mengjie"]
[Black "Yao Lan"]
[Result "1-0"]
[WhiteElo "2123"]
[BlackElo "1966"]
[EventDate "2013.10.29"]
[PlyCount "105"]

1.e4 c5 2.Nf3 d6 3.d4 cxd4 4.Nxd4 Nf6 5.Nc3 a6 6.Be2 e5 7.Nb3 Be7 8.O-O 
O-O 9.Kh1 Nc6 10.f4 b5 11.Nd5 Nxe4 12.Bf3 f5 13.Nxe7+ Nxe7 14.fxe5 dxe5 
15.Qxd8 Rxd8 16.Nc5 Ra7 17.Nxe4 fxe4 18.Bxe4 Be6 19.Bg5 h6 20.Bh4 Bc4 21.
Rfd1 Rad7 22.Rxd7 Rxd7 23.b3 Be6 24.Bxe7 Rxe7 25.Rd1 Kf7 26.a3 a5 27.Kg1 
b4 28.Rf1+ Ke8 29.Ra1 a4 30.Bc6+ Kf7 31.Bxa4 Bf5 32.axb4 Bxc2 33.Bc6 Ke6 
34.Ra6 Kf5 35.b5 e4 36.b6 e3 37.Ra1 e2 38.Re1 Re3 39.Rxe2 Rxe2 40.b7 Bxb3 
41.b8=Q Bc4 42.Qf8+ Kg6 43.Be8+ Kh7 44.Qf5+ Kh8 45.Qc8 Re1+ 46.Kf2 Rf1+ 
47.Kg3 Rf8 48.Qd7 Bg8 49.Qe7 Rf6 50.h4 Re6 51.Qd8 Rf6 52.Bb5 Kh7 53.Bd3+ 
1-0

[Event "zonal 3.5 (w)"]
[Site "Zhongshan CHN"]
[Date "2013.11.01"]
[Round "4.15"]
[White "Huang Mofei"]
[Black "Zhu Jiner"]
[Result "0-1"]
[WhiteElo "1984"]
[BlackElo "1829"]
[EventDate "2013.10.29"]
[PlyCount "76"]

1.d4 Nf6 2.c4 g6 3.Nc3 Bg7 4.Nf3 O-O 5.g3 d6 6.Bg2 Nc6 7.O-O Bf5 8.d5 Na5 
9.Nd2 c5 10.e4 Bd7 11.Rb1 a6 12.Qe2 Rb8 13.a3 Ne8 14.Qd3 b5 15.b3 Nc7 16.
Bb2 Rb6 17.b4 Nxc4 18.Nxc4 bxc4 19.Qxc4 cxb4 20.axb4 Qb8 21.Ba1 Rc8 22.
Rfc1 Nb5 23.Qb3 Nd4 24.Qa2 Rxb4 25.Rxb4 Qxb4 26.Rb1 Qc5 27.Rb7 Bb5 28.h4 
Qb4 29.Nxb5 axb5 30.Bxd4 Bxd4 31.Qe2 Qb1+ 32.Kh2 b4 33.Rxe7 b3 34.Qf3 Rf8 
35.Bh3 Qc2 36.Rb7 b2 37.Qb3 Qxf2+ 38.Bg2 Rc8 0-1

[Event "zonal 3.5 (w)"]
[Site "Zhongshan CHN"]
[Date "2013.11.01"]
[Round "4.17"]
[White "Li Xinyu"]
[Black "Bai Xue"]
[Result "1-0"]
[WhiteElo "1699"]
[BlackElo "1581"]
[EventDate "2013.10.29"]
[PlyCount "105"]

1.d4 Nf6 2.c4 e6 3.Nc3 d5 4.Nf3 Bb4 5.e3 O-O 6.Bd3 dxc4 7.Bxc4 b6 8.O-O 
Bb7 9.a3 Bd6 10.Qe2 Ne4 11.Nxe4 Bxe4 12.h3 c5 13.dxc5 Bxc5 14.b4 Be7 15.
Bb2 Bf6 16.Rfd1 Qe7 17.Nd4 Nc6 18.f3 Nxd4 19.Bxd4 Bc6 20.b5 Bb7 21.Qb2 
Bxd4 22.Rxd4 Qf6 23.Rad1 Qe5 24.Qe2 Rac8 25.Rd7 Rc7 26.f4 Qc5 27.Rxc7 Qxc7
28.Qd3 g6 29.Qd4 Rc8 30.Bf1 Bd5 31.e4 Bb7 32.e5 Bd5 33.a4 Qc5 34.Qxc5 Rxc5
35.a5 bxa5 36.Ra1 Bc4 37.Rc1 Bxf1 38.Rxc5 Bd3 39.Rc8+ Kg7 40.Rc7 Bxb5 41.
Rxa7 a4 42.Kf2 h6 43.h4 h5 44.Ke3 Kf8 45.Kd4 Bc6 46.g3 Be8 47.Kc5 Kg7 48.
Kd6 Kf8 49.Ra8 a3 50.Rxa3 Bb5 51.Ra8+ Kg7 52.Ke7 Bd3 53.Rf8 1-0

[Event "zonal 3.5 (w)"]
[Site "Zhongshan CHN"]
[Date "2013.11.02"]
[Round "5.1"]
[White "Lei Tingjie"]
[Black "Shen Yang"]
[Result "1/2-1/2"]
[WhiteElo "2320"]
[BlackElo "2415"]
[EventDate "2013.10.29"]
[PlyCount "54"]

1.d4 d5 2.c4 c6 3.cxd5 cxd5 4.Bf4 Nc6 5.e3 Nf6 6.Nc3 Bf5 7.Qb3 Qb6 8.Qxb6 
axb6 9.f3 e6 10.g4 Bg6 11.Kf2 Bb4 12.Nb5 O-O 13.h4 h5 14.gxh5 Bxh5 15.Ne2 
Na7 16.Nxa7 Rxa7 17.a3 Be7 18.Nc3 Bg6 19.Bc7 Rc8 20.Be5 Raa8 21.Rc1 Nh5 
22.Bb5 Kh7 23.Kg2 Ra5 24.Be2 Raa8 25.Bb5 Ra5 26.Be2 Raa8 27.Bb5 Ra5 
1/2-1/2

[Event "zonal 3.5 (w)"]
[Site "Zhongshan CHN"]
[Date "2013.11.02"]
[Round "5.4"]
[White "Cai Jiaying"]
[Black "Wang Doudou"]
[Result "1/2-1/2"]
[WhiteElo "2082"]
[BlackElo "2226"]
[EventDate "2013.10.29"]
[PlyCount "49"]

1.e4 e5 2.Nf3 Nc6 3.Bc4 Bc5 4.c3 Nf6 5.d3 a6 6.Bb3 d6 7.Nbd2 Ba7 8.h3 h6 
9.Nf1 O-O 10.Ng3 Be6 11.O-O Rb8 12.Be3 Qd7 13.Qd2 Bxb3 14.axb3 Bxe3 15.
fxe3 d5 16.exd5 Qxd5 17.Qc2 Rbd8 18.d4 exd4 19.exd4 Rfe8 20.Rae1 b5 21.Ra1
a5 22.Rfd1 Qd6 23.Nf5 Qf4 24.Rf1 Qe4 25.Qxe4 1/2-1/2

[Event "zonal 3.5 (w)"]
[Site "Zhongshan CHN"]
[Date "2013.11.02"]
[Round "5.5"]
[White "Tan Zhongyi"]
[Black "Li Xueyi"]
[Result "1-0"]
[WhiteElo "2490"]
[BlackElo "2134"]
[EventDate "2013.10.29"]
[PlyCount "105"]

1.d4 d5 2.Nf3 Nf6 3.g3 g6 4.Bg2 Bg7 5.O-O c6 6.e3 O-O 7.c4 dxc4 8.Ne5 Be6 
9.Na3 Qc8 10.Naxc4 Bh3 11.b3 Bxg2 12.Kxg2 Nfd7 13.Ba3 Nxe5 14.Nxe5 Re8 15.
Rc1 Nd7 16.Nd3 Qd8 17.f4 Qa5 18.Bb2 Rac8 19.Rf2 Qd5+ 20.Qf3 Qxf3+ 21.Kxf3 
f6 22.Ke4 e6 23.g4 Rc7 24.Nc5 Nb6 25.h4 h6 26.Kf3 Rf7 27.Rg2 Kh7 28.Ne4 
Nc8 29.Rh1 f5 30.Nc5 Nd6 31.Ke2 Rc7 32.Rhg1 b6 33.Nd3 Ne4 34.Kf3 Rd7 35.
gxf5 gxf5 36.b4 Bf6 37.h5 Ree7 38.Rc1 Rc7 39.Nf2 Nd6 40.Rg6 Bh8 41.a4 a6 
42.a5 b5 43.Nd3 Ne4 44.Nc5 Nxc5 45.Rxc5 Bg7 46.Bc3 Kg8 47.d5 exd5 48.Bxg7 
Rxg7 49.Rcxc6 Rxg6 50.Rxg6+ Kf7 51.Rxh6 Rc4 52.Rxa6 Rxb4 53.Rd6 1-0

[Event "zonal 3.5 (w)"]
[Site "Zhongshan CHN"]
[Date "2013.11.02"]
[Round "5.6"]
[White "Su Yamin"]
[Black "Zhang Xiaowen"]
[Result "0-1"]
[WhiteElo "2209"]
[BlackElo "2377"]
[EventDate "2013.10.29"]
[PlyCount "38"]

1.e4 e6 2.d4 d5 3.Nc3 Nf6 4.e5 Nfd7 5.f4 c5 6.Nf3 Nc6 7.Be3 Be7 8.Qd2 O-O 
9.O-O-O c4 10.g4 b5 11.f5 b4 12.Ne2 Qa5 13.Kb1 c3 14.Qc1 cxb2 15.Qxb2 Nb6 
16.Qb3 Ba6 17.Ka1 Bc4 18.Qb2 Na4 19.Qc1 Bxa2 0-1

[Event "zonal 3.5 (w)"]
[Site "Zhongshan CHN"]
[Date "2013.11.02"]
[Round "5.7"]
[White "Gu Tianlu"]
[Black "Qiu Mengjie"]
[Result "1-0"]
[WhiteElo "1984"]
[BlackElo "2123"]
[EventDate "2013.10.29"]
[PlyCount "92"]

1.d4 Nf6 2.c4 g6 3.Nc3 d5 4.e3 Bg7 5.Nf3 a5 6.Be2 Bd7 7.Qb3 c5 8.dxc5 Ne4 
9.O-O Nxc5 10.Qd1 dxc4 11.Bxc4 O-O 12.a3 Nc6 13.Qd6 a4 14.Bd2 Na5 15.Be2 
Nab3 16.Rad1 Be8 17.Bc1 Qc7 18.Qb6 Nxc1 19.Kh1 Qf4 20.Ne4 Bc6 21.Ng3 Kh8 
22.Ne1 Qxe3 23.Nd3 e5 24.Nb4 f5 25.Nxc6 bxc6 26.Bc4 Qd2 27.Ne4 Qc2 28.Nd6 
h5 29.Ne8 Kh7 30.Bf7 f4 31.Qd8 Qf5 32.Bc4 e4 33.Bg8+ Kh6 34.Qc7 f3 35.gxf3
Qe5 36.Qxc6 Qf6 37.Qxe4 Qg5 38.Bd5 Ne2 39.Rb1 Nd4 40.b3 axb3 41.Bxb3 Nb5 
42.a4 Na7 43.a5 Bd4 44.Bc4 Nc6 45.a6 Na7 46.Bd3 Rd8 1-0

[Event "zonal 3.5 (w)"]
[Site "Zhongshan CHN"]
[Date "2013.11.02"]
[Round "5.8"]
[White "Xiao Yiyi"]
[Black "Ren Xiaoyi"]
[Result "0-1"]
[WhiteElo "2187"]
[BlackElo "2198"]
[EventDate "2013.10.29"]
[PlyCount "64"]

1.d4 d5 2.c4 e6 3.Nf3 Nf6 4.g3 b6 5.Bg2 Bb7 6.O-O Be7 7.Ne5 O-O 8.Nc3 c5 
9.dxc5 Bxc5 10.Bf4 Nc6 11.Rc1 Rc8 12.cxd5 Nxe5 13.Bxe5 Nxd5 14.Nxd5 Bxd5 
15.e4 Bxa2 16.Qa4 Bxf2+ 17.Kh1 Rxc1 18.Rxc1 Qg5 19.Bf4 Qa5 20.Qc2 Bc5 21.
Bd2 Bb4 22.Be3 e5 23.b3 Qa3 24.Ra1 Qxb3 25.Qe2 Bb1 26.Rxa7 Ba5 27.Bc1 Rd8 
28.Bf3 Bc2 29.Bd2 Qb1+ 30.Kg2 Bd1 31.Qc4 Bxf3+ 32.Kxf3 Qd1+ 0-1

[Event "zonal 3.5 (w)"]
[Site "Zhongshan CHN"]
[Date "2013.11.02"]
[Round "5.10"]
[White "Qin Ranran"]
[Black "Wang Xinyue"]
[Result "0-1"]
[WhiteElo "2045"]
[BlackElo "2126"]
[EventDate "2013.10.29"]
[PlyCount "64"]

1.e4 e5 2.Nf3 Nc6 3.Bc4 Bc5 4.c3 Nf6 5.d4 exd4 6.cxd4 Bb4+ 7.Bd2 Bxd2+ 8.
Nbxd2 d5 9.exd5 Nxd5 10.Qb3 Nce7 11.O-O O-O 12.Rfe1 c6 13.Ne4 Nb6 14.Bd3 
Be6 15.Qc2 Bd5 16.Rad1 h6 17.Ne5 Qc7 18.Ng3 Rad8 19.Qe2 Bxa2 20.Qe4 f5 21.
Qf3 Rxd4 22.Ra1 Bd5 23.Qh5 Nd7 24.Nxd7 Qxd7 25.Qe2 Ng6 26.Qe3 c5 27.Bxf5 
Rxf5 28.Nxf5 Qxf5 29.Rad1 Nh4 30.Rxd4 cxd4 31.Qxd4 Qg5 32.Re8+ Kf7 0-1

[Event "zonal 3.5 (w)"]
[Site "Zhongshan CHN"]
[Date "2013.11.02"]
[Round "5.11"]
[White "Zhu Jiner"]
[Black "Xu Fei"]
[Result "1-0"]
[WhiteElo "1829"]
[BlackElo "1995"]
[EventDate "2013.10.29"]
[PlyCount "73"]

1.e4 c5 2.Nf3 Nc6 3.d4 cxd4 4.Nxd4 g6 5.Nc3 Bg7 6.Be3 Nf6 7.Bc4 O-O 8.Bb3 
a5 9.a4 d6 10.h3 Nxd4 11.Bxd4 Bd7 12.O-O Bc6 13.Re1 Nd7 14.Bxg7 Kxg7 15.
Qd4+ Kg8 16.Rad1 Qb6 17.Qxb6 Nxb6 18.Rd2 Rac8 19.e5 d5 20.e6 Nc4 21.exf7+ 
Rxf7 22.Rd4 e5 23.Rxc4 dxc4 24.Bxc4 Re8 25.Rd1 Kg7 26.Bxf7 Kxf7 27.f3 Ke6 
28.Kf2 Rf8 29.Ke3 Rf4 30.b3 Rf8 31.Ne2 Rc8 32.c4 b6 33.Nc3 Bb7 34.Nb5 Rc6 
35.Rd8 Ba6 36.Nc3 Rd6 37.Re8+ 1-0

[Event "zonal 3.5 (w)"]
[Site "Zhongshan CHN"]
[Date "2013.11.02"]
[Round "5.12"]
[White "Xu Huahua"]
[Black "Hu Yu A"]
[Result "1/2-1/2"]
[WhiteElo "2125"]
[BlackElo "1861"]
[EventDate "2013.10.29"]
[PlyCount "79"]

1.e4 c5 2.Nf3 d6 3.d4 cxd4 4.Qxd4 Nc6 5.Bb5 Bd7 6.Qd3 a6 7.Bxc6 Bxc6 8.c4 
Nf6 9.Nc3 g6 10.O-O Bg7 11.Bg5 O-O 12.h3 Rc8 13.Rfd1 b5 14.cxb5 axb5 15.
Nd4 b4 16.Bxf6 Bxf6 17.Nd5 Bxd5 18.exd5 Bxd4 19.Qxd4 Qa5 20.a3 bxa3 21.
Rxa3 Qc5 22.Ra7 Qxd4 23.Rxd4 Rc1+ 24.Kh2 Re1 25.Rb7 Rc8 26.Rd2 Rcc1 27.Kg3
Kg7 28.Kf3 Rc5 29.Rb3 Re5 30.Rbd3 Rb5 31.b3 g5 32.Re2 Rexd5 33.Rxd5 Rxd5 
34.Rxe7 Rb5 35.Re3 d5 36.Ke2 d4 37.Rd3 Kf6 38.Rxd4 Rxb3 39.Rd6+ Kg7 40.Rc6
1/2-1/2

[Event "zonal 3.5 (w)"]
[Site "Zhongshan CHN"]
[Date "2013.11.02"]
[Round "5.15"]
[White "Li Yunshan"]
[Black "Huang Mofei"]
[Result "0-1"]
[WhiteElo "1767"]
[BlackElo "1984"]
[EventDate "2013.10.29"]
[PlyCount "80"]

1.d4 f5 2.g3 g6 3.Bg2 Bg7 4.c4 Nf6 5.Nh3 O-O 6.O-O d6 7.d5 Nbd7 8.Nc3 Nb6 
9.Qd3 Nfd7 10.b3 Nc5 11.Qc2 e5 12.dxe6 Bxe6 13.Bb2 Rb8 14.Nf4 Bf7 15.Ncd5 
Nxd5 16.Nxd5 Be5 17.b4 Nd7 18.e4 c6 19.Ne3 f4 20.Bxe5 dxe5 21.Nd1 Be6 22.
Qe2 Qe7 23.f3 Qxb4 24.Nb2 b5 25.Rfc1 Qc5+ 26.Kh1 b4 27.Qc2 fxg3 28.hxg3 
Rf6 29.Na4 Qe3 30.Re1 Qh6+ 31.Kg1 Qf8 32.Rac1 Nc5 33.Nb2 b3 34.axb3 Nxb3 
35.Rcd1 Nd4 36.Qc3 Qc5 37.Kh1 g5 38.Na4 Rh6+ 39.Kg1 Nxf3+ 40.Kf1 Qg1+ 0-1

[Event "zonal 3.5 (w)"]
[Site "Zhongshan CHN"]
[Date "2013.11.02"]
[Round "5.16"]
[White "Jiang Zhaoyi"]
[Black "Li Xinyu"]
[Result "1-0"]
[WhiteElo "1891"]
[BlackElo "1699"]
[EventDate "2013.10.29"]
[PlyCount "111"]

1.d4 d5 2.c4 c6 3.Nf3 Nf6 4.e3 e6 5.Nbd2 Nbd7 6.Bd3 Bd6 7.O-O O-O 8.e4 
dxe4 9.Nxe4 Nxe4 10.Bxe4 f5 11.Bc2 c5 12.b3 Qc7 13.h3 a6 14.Re1 Nf6 15.Bb2
cxd4 16.Qxd4 Bc5 17.Qh4 h6 18.Rad1 b6 19.Re2 Bb7 20.Rxe6 Ne4 21.Bd4 Qf7 
22.Bxc5 Qxe6 23.Bxf8 Rxf8 24.Nd4 Qg6 25.f3 Ng5 26.Kh1 a5 27.Qf4 Bc8 28.Re1
Qf6 29.Re5 Ne6 30.Nxe6 Bxe6 31.Qe3 Bd7 32.f4 Qg6 33.Bd1 Bc6 34.Bf3 Bxf3 
35.Qxf3 Kh7 36.Qd3 Qf6 37.Kh2 Rf7 38.Rd5 Qe6 39.Re5 Qf6 40.Qd5 Rf8 41.Re6 
Qb2 42.Qd6 Rg8 43.Qxb6 Qxa2 44.Re5 Rf8 45.Rxa5 Qd2 46.Qc7 Qd3 47.Ra7 Rg8 
48.b4 Qd4 49.Ra5 Rf8 50.Rd5 Qb2 51.b5 Rf6 52.Qe5 Qc2 53.Rd6 Rf8 54.Rd7 Rg8
55.c5 Qb1 56.c6 1-0

[Event "zonal 3.5 (w)"]
[Site "Zhongshan CHN"]
[Date "2013.11.02"]
[Round "5.17"]
[White "Yuan Ye"]
[Black "Bai Xue"]
[Result "1/2-1/2"]
[WhiteElo "2037"]
[BlackElo "1581"]
[EventDate "2013.10.29"]
[PlyCount "134"]

1.d4 Nf6 2.c4 e6 3.g3 d5 4.Bg2 c5 5.cxd5 Nxd5 6.Nf3 Nc6 7.O-O Be7 8.a3 
cxd4 9.Nxd4 Nxd4 10.Qxd4 O-O 11.e4 Nb6 12.Qe3 Qc7 13.Nc3 Bd7 14.Qe2 Bf6 
15.Bf4 Be5 16.Bxe5 Qxe5 17.Kh1 Bc6 18.f4 Qc7 19.Rac1 Rfd8 20.b4 Qe7 21.b5 
Be8 22.e5 Rac8 23.Ne4 Rxc1 24.Rxc1 Qxa3 25.Rb1 Nd5 26.Qd2 Qe3 27.Qxe3 Nxe3
28.Nd6 Nxg2 29.Kxg2 a6 30.bxa6 bxa6 31.Rb6 a5 32.Ra6 a4 33.Nxe8 Rxe8 34.
Rxa4 h5 35.Kh3 g6 36.Kh4 Kg7 37.Kg5 Re7 38.h3 Rb7 39.Ra3 Rc7 40.g4 hxg4 
41.hxg4 Rc1 42.Ra7 Rg1 43.Kh4 Rh1+ 44.Kg3 Rg1+ 45.Kf3 Rf1+ 46.Ke3 Rb1 47.
Ra4 Rd1 48.Rd4 Re1+ 49.Kd3 Rc1 50.Rc4 Rg1 51.g5 Rd1+ 52.Ke4 Rd7 53.Rb4 Rd1
54.Ke3 Kf8 55.Rb7 Rd8 56.Rb6 Ke7 57.Ra6 Rd7 58.Ra8 Rd5 59.Ke4 Rd7 60.Ra6 
Rd8 61.Ra7+ Kf8 62.Ra4 Ke7 63.Rd4 Rxd4+ 64.Kxd4 Kd8 65.Kc4 Kc8 66.Kb5 Kb7 
67.Kc5 Kc7 1/2-1/2

[Event "zonal 3.5 (w)"]
[Site "Zhongshan CHN"]
[Date "2013.11.03"]
[Round "6.3"]
[White "Ren Xiaoyi"]
[Black "Tan Zhongyi"]
[Result "1/2-1/2"]
[WhiteElo "2198"]
[BlackElo "2490"]
[EventDate "2013.10.29"]
[PlyCount "93"]

1.d4 Nf6 2.c4 e6 3.Nf3 d5 4.Bg5 Bb4+ 5.Nc3 h6 6.Bxf6 Qxf6 7.e3 O-O 8.Bd3 
dxc4 9.Bxc4 c5 10.O-O cxd4 11.exd4 Bxc3 12.bxc3 b6 13.Ne5 Nd7 14.f4 Qe7 
15.Qf3 Nxe5 16.fxe5 Bb7 17.Qe3 Rac8 18.Bb3 Qg5 19.Qxg5 hxg5 20.Rac1 Rc7 
21.c4 Rd8 22.d5 Rc5 23.dxe6 fxe6 24.Rcd1 Rxd1 25.Rxd1 Bc8 26.Bc2 Rxc4 27.
Bg6 Kf8 28.Rd8+ Ke7 29.Re8+ Kd7 30.Rg8 a5 31.Rxg7+ Kd8 32.Bd3 Rd4 33.Bc2 
g4 34.Kf1 Rd2 35.Bb3 b5 36.Rg8+ Kc7 37.Rg7+ Kb6 38.Re7 b4 39.Rg7 Bd7 40.
Ke1 Rd4 41.Re7 Bc6 42.Rxe6 Kc5 43.Re7 a4 44.Bc2 Rc4 45.Kd2 Rd4+ 46.Ke1 Rc4
47.Kd2 1/2-1/2

[Event "zonal 3.5 (w)"]
[Site "Zhongshan CHN"]
[Date "2013.11.03"]
[Round "6.4"]
[White "Zhang Xiaowen"]
[Black "Ni Shiqun"]
[Result "1/2-1/2"]
[WhiteElo "2377"]
[BlackElo "2207"]
[EventDate "2013.10.29"]
[PlyCount "92"]

1.e4 e6 2.d4 d5 3.Nc3 Nf6 4.e5 Nfd7 5.Nce2 c5 6.c3 Nc6 7.f4 Be7 8.Nf3 O-O 
9.g3 f6 10.Bh3 Kh8 11.O-O cxd4 12.cxd4 Nb6 13.Kh1 Bd7 14.g4 Rc8 15.Nc3 Nc4
16.Re1 fxe5 17.dxe5 d4 18.Ne4 Ne3 19.Bxe3 dxe3 20.Rxe3 Rxf4 21.Nd6 Rb8 22.
Re4 Rxf3 23.Qxf3 Nxe5 24.Nf7+ Nxf7 25.Qxf7 Bc6 26.Bg2 Bxe4 27.Bxe4 Qd6 28.
Rc1 g6 29.Qf3 Rf8 30.Qc3+ Bf6 31.Qa3 Qxa3 32.bxa3 Rf7 33.Rc8+ Kg7 34.Re8 
e5 35.Rb8 b6 36.Rb7 Rxb7 37.Bxb7 h5 38.gxh5 gxh5 39.Kg2 Kg6 40.Kf3 Be7 41.
a4 Bc5 42.Ke4 Kf6 43.Bc6 h4 44.h3 Ke6 45.a5 Kd6 46.Bb5 bxa5 1/2-1/2